Personnage mystère #7 - Statistiques

Statistiques générales
  • Ce quiz a été pris 545 fois
  • Le résultat moyen est 6 sur 7
Statistiques - réponses
Lettres Indices % Correct
HMEMO Homme
99%
ROEZ Zéro
96%
OREZ Zéro
96%
TEPS Sept
92%
NOPISE Espion
87%
Nom du personnage James Bond
84%
GNIKOMS Smoking
84%
Aucun quiz correspondant
Distribution des résultats
% des personnes avec chaque résultat
Percentile par nombre de réponses
Votre historique - résultats
Vous n’avez pas pris ce quiz